Assessing the relative dangerousness of various call types

Gespeichert in:  
Bibliographische Detailangaben
VerfasserInnen: Nix, Justin (Verfasst von) ; Wright, Emily M. (Verfasst von) ; Pinchevsky, Gillian M. (Verfasst von) ; Richards, Tara N. (Verfasst von)
Medienart: Druck Aufsatz
Sprache:Englisch
Veröffentlicht: 2020
In:Enthalten in: Police Chief 87 (2020), 2, Seite 19
Verfügbarkeit prüfen: HBZ Gateway

MARC

LEADER 00000caa a22000002c 4500
001 1912462729
003 DE-627
005 20250113054929.0
007 tu
008 241217s2020 xx ||||| 00| ||eng c
035 |a (DE-627)1912462729 
035 |a (DE-599)KXP1912462729 
040 |a DE-627  |b ger  |c DE-627  |e rda 
041 |a eng 
084 |a 2,1  |2 ssgn 
100 1 |a Nix, Justin  |e VerfasserIn  |0 (DE-588)1210496933  |0 (DE-627)1698521340  |0 (DE-576)462633152  |4 aut 
109 |a Nix, Justin 
245 1 0 |a Assessing the relative dangerousness of various call types 
264 1 |c 2020 
336 |a Text  |b txt  |2 rdacontent 
337 |a ohne Hilfsmittel zu benutzen  |b n  |2 rdamedia 
338 |a Band  |b nc  |2 rdacarrier 
500 |a 0032-2571 
700 1 |a Wright, Emily M.  |e VerfasserIn  |0 (DE-588)143934856  |0 (DE-627)704648849  |0 (DE-576)339767898  |4 aut 
700 1 |a Pinchevsky, Gillian M.  |e VerfasserIn  |4 aut 
700 1 |a Richards, Tara N.  |e VerfasserIn  |0 (DE-588)1052250653  |0 (DE-627)788086561  |0 (DE-576)402388321  |4 aut 
773 0 8 |i Enthalten in  |t Police Chief  |g 87 (2020), 2, Seite 19 
773 1 8 |g volume:87  |g year:2020  |g number:2  |g pages:19 
787 0 8 |i Forschungsdaten  |a USA. Federal Bureau of Investigation  |t Uniform Crime Reporting Program Data: National Incident-Based Reporting System, (United States), 2016  |d [Erscheinungsort nicht ermittelbar] : [Verlag nicht ermittelbar], 2018  |w (DE-627)1840041234 
935 |a mkri 
951 |a AR 
ELC |b 1 
LOK |0 000 xxxxxcx a22 zn 4500 
LOK |0 001 4637428211 
LOK |0 003 DE-627 
LOK |0 004 1912462729 
LOK |0 005 20241217044150 
LOK |0 008 241217||||||||||||||||ger||||||| 
LOK |0 035   |a (DE-2619)ICPSR146414 
LOK |0 040   |a DE-2619  |c DE-627  |d DE-2619 
LOK |0 092   |o n 
LOK |0 852   |a DE-2619 
LOK |0 852 1  |9 00 
LOK |0 935   |a uvkn  |a nacp 
LOK |0 939   |a 17-12-24  |b l01 
ORI |a SA-MARC-krimdoka001.raw